Coastal Capitals on a Map - Statistics

General Stats
  • This quiz has been taken 111 times
  • The average score is 63 of 90
Answers on the Map
Answers color-coded by a green-red scale on the quiz's map according to % correct below.
 
Answer Stats
Answer % Correct
Lisbon
89%
Lima
87%
Athens
86%
Oslo
86%
Algiers
85%
Tunis
84%
Buenos Aires
82%
Stockholm
82%
Portugal
81%
Copenhagen
80%
Helsinki
80%
Muscat
80%
Panama
80%
Panama City
80%
Tripoli
80%
Greece
79%
Peru
79%
Rabat
78%
Bangkok
77%
Norway
77%
Algeria
76%
Argentina
76%
Finland
76%
Montevideo
76%
Oman
76%
Sweden
76%
Tunisia
76%
Denmark
75%
Djibouti
75%
Djibouti
75%
Doha
75%
Libya
75%
Luanda
75%
Mogadishu
75%
Riga
75%
Tallinn
75%
Abu Dhabi
74%
Accra
74%
Dakar
74%
Amsterdam
73%
Thailand
73%
Angola
71%
Estonia
71%
Morocco
71%
Rome
71%
Senegal
71%
Somalia
71%
Uruguay
71%
Beirut
70%
Georgetown
70%
Latvia
70%
United Arab Emirates
70%
Ghana
69%
Kuwait
69%
Kuwait City
69%
Netherlands
69%
Monrovia
68%
Guyana
67%
Lebanon
67%
Dhaka
66%
Mozambique
66%
Qatar
66%
Seoul
66%
Guinea
65%
Italy
65%
Liberia
65%
Suriname
65%
Freetown
64%
Maputo
64%
Paramaribo
64%
Sierra Leone
64%
Bangladesh
62%
Bissau
60%
Conakry
60%
Togo
60%
Gambia
59%
Guinea-Bissau
59%
Mauritania
59%
South Korea
59%
Gabon
58%
Kuala Lumpur
57%
Banjul
56%
Equatorial Guinea
56%
Malaysia
56%
Benin
55%
Lome
55%
Nouakchott
53%
Libreville
52%
Malabo
43%
Cotonou
38%
No matching quizzes found
Score Distribution
Percent of People with Each Score
Percentile by Number Answered
Your Score History
You have not taken this quiz